Učitavanje...
Arivum malayalavum/
| Daljnji autori: | |
|---|---|
| Format: | Printed Book |
| Jezik: | Malayalam |
| Izdano: |
Cheruthuruthi:
Malayala ayikyavedi,
2017.
|
| LEADER | 00519nam a22001337a 4500 | ||
|---|---|---|---|
| 008 | 171227b xxu||||| |||| 00| 0 mal d | ||
| 041 | |a mal | ||
| 245 | |a Arivum malayalavum/ |c edited by Suresh Puthanparambil | ||
| 260 | |a Cheruthuruthi: |b Malayala ayikyavedi, |c 2017. | ||
| 300 | |b 192pages. | ||
| 700 | |a Suresh,Puthanparambil |e Editor | ||
| 942 | |c BK | ||
| 999 | |c 236620 |d 236620 | ||
| 952 | |0 0 |1 0 |4 0 |6 001_400000000000000_SUR_A |7 0 |9 262752 |a MAL |b MAL |c ST1 |d 2017-12-27 |e Gift |g 190.00 |l 2 |o 001.4 SUR/A |p MALG176 |r 2019-10-30 |s 2019-10-19 |w 2017-12-27 |y BK | ||